|
|
|
|
| LEADER |
00000nab a2200000 ar4500 |
| 001 |
vtls009525028 |
| 003 |
SK-MaSNL |
| 005 |
20260304214408.0 |
| 008 |
090612c2009 xo |||| | | |00 b|slo |
| 015 |
|
|
|a SNBRB2009/07
|2 snkbucl
|
| 038 |
|
|
|a SNKBUCL
|
| 040 |
|
|
|a SNKBUCL
|b slo
|c SNKBUCL
|e AACR2
|
| 041 |
0 |
|
|a slo
|
| 044 |
|
|
|a xo
|c SK
|
| 080 |
|
|
|a 366.636
|2 1997
|
| 080 |
|
|
|a 316.653
|2 1997
|
| 080 |
|
|
|a 316.774
|2 1997
|
| 080 |
|
|
|a 7.096/.097
|x (437.6)
|2 1997
|
| 100 |
1 |
|
|a Dinka, Pavol,
|d 1942-
|4 aut
|9 103782
|
| 245 |
1 |
0 |
|a Už dávno prestali slúžiť občanom
|b metódy manipulácie príznačné pre slovenské masmédiá v posledných rokoch
|n (1)
|c Pavol Dinka
|
| 500 |
|
|
|a Pokračovanie v č. 12/2009
|
| 650 |
0 |
7 |
|a médiá
|2 snkbucl
|9 1424
|
| 650 |
0 |
7 |
|a slovenské masmédiá
|2 snkbucl
|9 1547566
|
| 650 |
0 |
7 |
|a masmédiá
|2 snkbucl
|9 1418
|
| 650 |
0 |
7 |
|a slovenské médiá
|2 snkbucl
|9 1038737
|
| 650 |
0 |
7 |
|a verejná mienka
|2 snkbucl
|9 13297
|
| 650 |
0 |
7 |
|a cenzúra
|2 snkbucl
|9 19469
|
| 650 |
0 |
7 |
|a manipulácia
|2 snkbucl
|9 605127
|
| 773 |
0 |
|
|t Verejná správa
|g Roč. 64, č. 11 (2009), s. 16-18
|x 1335-7883
|
| 852 |
|
|
|a SNK
|b KIS3GCP
|
| 958 |
|
|
|a SK
|
| 999 |
|
|
|c 3141113
|d 3143043
|